00755cam a22002414a 4500999001500000001000600015003000900021005001700030008004100047020001500088040002800103082001900131100001800150245004000168260004000208300004100248600002600289650002600315650001600341650002700357942001200384952011700396 c2555d255510897BD-DhUAP20200225171408.0200225s2007 ko a 000 0beng  a8977483042 aDLCcDLCdBD-DhUAPbEng00a720.92 BOT223 aBotta, Mario.10aArchitects & design /cMario Botta. aSeoul :bCA press co. ltd.,cc2007. a224 pages :billustrations ;c30 cm. aBotta, Mario, d1943- aArchitecture, Modern. aArchitects. aLight in architecture. 2ddccBK 00102ddc4070aUAPCLbUAPCLcGeneral Stacksd2020-02-25o720.92 BOTp3010010897r2020-02-25t1w2020-02-25yBK